000 00573nam a22002057a 4500
005 20251108172325.0
008 250721s1991 xx 000 0 ara d
082 1 4 _a371.3/ديك
100 1 _aديك، ولتر
245 1 0 _aالتخطيط للتعليم الفعال /
264 1 _aعمان :
_c1991.
300 _a182ص
650 1 7 _aالتربية
650 1 7 _aالتخطيط
650 1 7 _aأساليب التدريس
700 1 _aريزر، روبرت أ
700 1 _aغزاوي، محمد ذيبان
_eترجمة
942 _2ddc
_cBK
999 _c76214
_d76214